000 00468nam a2200193Ia 4500
003 OSt
005 20220506110848.0
008 210210b1991 xxu||||| |||| 00| 0 eng d
040 _aAL
_c
082 _a581 VASB
100 _aVASHISHTA (B R).
_934372
245 _aBotany. Part III Bryophyta. Ed 7.
260 _aN Delhi
_bS. Chand & Co. Ltd.
_c1991
300 _a465
650 _aBryophyta
_934373
690 _aBotan
_934374
906 _a04568
942 _2ddc
_cBK
999 _c94712
_d94712